[Event "Groningen op-B 57th"]
[Site "Groningen"]
[Date "2019.12.28"]
[Round "7"]
[White "Konnen, Timo"]
[Black "Van de Pavoordt, Max"]
[Result "0-1"]
[WhiteElo "1843"]
[BlackElo "2016"]
[PlyCount "66"]
[EventDate "2019.12.21"]
[EventType "swiss"]
[EventRounds "9"]
[EventCountry "NED"]
[SourceTitle "CBM 194 Extra"]
[Source "ChessBase"]
[SourceDate "2020.03.31"]
[SourceVersion "1"]
[SourceVersionDate "2020.03.31"]
[SourceQuality "1"]

1. d4 d5 2. e4 e6 3. Be3 dxe4 4. Nd2 Nf6 5. f3 exf3 6. Ngxf3 Nc6 7. c3 Nd5 8. Qe2 Be7 9. 0-0-0 a6 10. Ne4 b5 11. Kb1 Bb7 12. Bc1 h6 13. g4 Nb6 14. Rg1 Qd5 15. Nfd2 Nc4 16. Bg2 Nxd2+ 17. Bxd2 Qd7 18. Be3 0-0-0 19. Rgf1 Rhf8 20. h4 Na5 21. g5 hxg5 22. Bxg5 f6 23. Bf4 Bd5 24. Nd2 Kb8 25. Rfe1 Rfe8 26. Bh3 f5 27. h5 Nc4 28. Nf3 Qc6 29. Rf1 Nxb2 30. Kxb2 Ba3+ 31. Kc2 b4 32. c4 Bxc4 33. Ne5 Qa4+ 0-1

[Event "Groningen op-B 57th"]
[Site "Groningen"]
[Date "2019.12.21"]
[Round "1"]
[White "Akotchik, Victor"]
[Black "Konnen, Timo"]
[Result "1-0"]
[WhiteElo "2095"]
[BlackElo "1843"]
[PlyCount "41"]
[EventDate "2019.12.21"]
[EventType "swiss"]
[EventRounds "9"]
[EventCountry "NED"]
[SourceTitle "CBM 194 Extra"]
[Source "ChessBase"]
[SourceDate "2020.03.31"]
[SourceVersion "1"]
[SourceVersionDate "2020.03.31"]
[SourceQuality "1"]

1. e4 d5 2. Nc3 dxe4 3. Nxe4 Qd5 4. Nc3 Qd6 5. Bc4 Nf6 6. d3 a6 7. Nf3 b5 8. Bb3 Bb7 9. 0-0 e6 10. Qe2 Be7 11. a4 bxa4 12. Rxa4 Nc6 13. Bf4 Qd7 14. Rc4 Bd6 15. Ba4 0-0 16. Ne5 Bxe5 17. Bxe5 Nd5 18. Ne4 f6 19. Nc5 Qc8 20. Bg3 e5 21. Nxb7 1-0

[Event "South Wales op 15th"]
[Site "Cardiff"]
[Date "2018.07.12"]
[Round "9"]
[White "Taylor, Robert Graham"]
[Black "Konnen, Timo"]
[Result "0-1"]
[WhiteElo "1847"]
[BlackElo "1875"]
[PlyCount "90"]
[EventDate "2018.07.07"]
[EventType "swiss"]
[EventRounds "9"]
[EventCountry "WLS"]
[SourceTitle "EXT 2019"]
[Source "ChessBase"]
[SourceDate "2018.10.10"]
[SourceVersion "1"]
[SourceVersionDate "2018.10.10"]
[SourceQuality "1"]

1. Nf3 Nf6 2. c4 c5 3. Nc3 g6 4. e4 Bg7 5. d4 cxd4 6. Nxd4 d6 7. Be2 0-0 8. Be3 Nc6 9. h3 Bd7 10. 0-0 Rc8 11. f4 Nxd4 12. Bxd4 b6 13. Rc1 Bc6 14. Qd3 Qd7 15. Rcd1 Qb7 16. Bf3 Rfd8 17. Nd5 Ne8 18. f5 e6 19. fxe6 fxe6 20. Nb4 Qe7 21. b3 Bb7 22. Nc2 Nf6 23. Qe2 Nd7 24. Bxg7 Kxg7 25. Nd4 Nc5 26. b4 Na6 27. Bg4 Nc7 28. Rf2 h5 29. Bf3 e5 30. Nb3 Ne6 31. Qb2 Rxc4 32. Nd2 Rd4 33. Rdf1 Rf8 34. a3 Nf4 35. Be2 Nxe2+ 36. Rxe2 Rxf1+ 37. Kxf1 Qh4 38. Qc2 Ba6 39. Nf3 Bxe2+ 40. Kxe2 Qxe4+ 41. Qxe4 Rxe4+ 42. Kd3 Rf4 43. Ng5 Kf6 44. Nh7+ Kf5 45. Nf8 d5 0-1

[Event "South Wales op 15th"]
[Site "Cardiff"]
[Date "2018.07.11"]
[Round "7"]
[White "Yeo, Gareth"]
[Black "Konnen, Timo"]
[Result "1-0"]
[WhiteElo "1932"]
[BlackElo "1875"]
[PlyCount "113"]
[EventDate "2018.07.07"]
[EventType "swiss"]
[EventRounds "9"]
[EventCountry "WLS"]
[SourceTitle "EXT 2019"]
[Source "ChessBase"]
[SourceDate "2018.10.10"]
[SourceVersion "1"]
[SourceVersionDate "2018.10.10"]
[SourceQuality "1"]

1. d4 Nf6 2. c4 e5 3. dxe5 Ng4 4. e3 Nxe5 5. f4 Ng6 6. a3 a5 7. h4 Bc5 8. h5 Ne7 9. Bd3 d6 10. Nc3 Nbc6 11. Bd2 Qd7 12. Nb5 h6 13. Qe2 Bb6 14. 0-0-0 a4 15. Bc3 f6 16. Nf3 Ba5 17. e4 Bxc3 18. Nxc3 Na5 19. e5 Nb3+ 20. Kb1 Nc5 21. Bc2 Ra6 22. exf6 gxf6 23. Nd5 Kd8 24. Nxf6 Qe6 25. Ne4 Bd7 26. Nd4 Qf7 27. Nxc5 dxc5 28. Nf3 Rd6 29. Ne5 Qe8 30. g4 Kc8 31. Bg6 Nxg6 32. hxg6 Bc6 33. Rhe1 Qe6 34. f5 Qf6 35. Nf7 Rxd1+ 36. Rxd1 Re8 37. Qd2 b6 38. Nxh6 Qg7 39. g5 Bf3 40. Re1 Rxe1+ 41. Qxe1 Qd4 42. Qc1 Be2 43. g7 Qxg7 44. Qe3 Bd1 45. g6 Bb3 46. Nf7 Qf8 47. Qe6+ Kb8 48. f6 Qg8 49. Qe4 Bxc4 50. Ne5 Bd5 51. Qd3 Qe6 52. f7 Qxe5 53. f8Q+ Kb7 54. Ka1 Be4 55. Qe2 Qd5 56. g7 Bh7 57. Qff3 1-0

[Event "South Wales op 15th"]
[Site "Cardiff"]
[Date "2018.07.07"]
[Round "1"]
[White "De Verdier, Michael Carl Adam"]
[Black "Konnen, Timo"]
[Result "1-0"]
[WhiteElo "2298"]
[BlackElo "1875"]
[PlyCount "117"]
[EventDate "2018.07.07"]
[EventType "swiss"]
[EventRounds "9"]
[EventCountry "WLS"]
[SourceTitle "EXT 2019"]
[Source "ChessBase"]
[SourceDate "2018.10.10"]
[SourceVersion "1"]
[SourceVersionDate "2018.10.10"]
[SourceQuality "1"]

1. c4 e5 2. g3 Nf6 3. Bg2 c6 4. d4 exd4 5. Qxd4 Be7 6. Nc3 0-0 7. Nf3 Qb6 8. 0-0 Rd8 9. e4 d6 10. Rd1 h6 11. h3 Be6 12. b3 d5 13. Qxb6 axb6 14. e5 Bb4 15. Bb2 Bxc3 16. Bxc3 Ne4 17. Bb2 Na6 18. Nd4 Nec5 19. cxd5 Bxd5 20. Bf1 Re8 21. Nf5 Nc7 22. Nd6 Re7 23. f4 Ne8 24. Nc4 Bxc4 25. Bxc4 Nc7 26. Kg2 b5 27. Be2 Ree8 28. Bd4 N5e6 29. Bf2 Red8 30. Rxd8+ Rxd8 31. Rd1 Rxd1 32. Bxd1 Nd5 33. f5 Nec7 34. a3 b6 35. Kf3 Kf8 36. Bc2 Ke7 37. g4 c5 38. Ke4 b4 39. a4 Nc3+ 40. Kd3 Kd7 41. a5 bxa5 42. Bxc5 g6 43. Bb6 gxf5 44. gxf5 N3d5 45. Bxa5 Nf4+ 46. Kc4 Nxh3 47. Bxb4 Nf2 48. Bd2 h5 49. Bg5 Ng4 50. Bf4 Ne8 51. Kd5 Nc7+ 52. Ke4 Nb5 53. b4 Nc3+ 54. Kf3 Kc6 55. Bb3 f6 56. e6 Ne5+ 57. Bxe5 fxe5 58. f6 Kd6 59. e7 1-0

[Event "South Wales op 15th"]
[Site "Cardiff"]
[Date "2018.07.07"]
[Round "2"]
[White "Konnen, Timo"]
[Black "Robertson, Jim"]
[Result "1-0"]
[WhiteElo "1875"]
[BlackElo "1604"]
[PlyCount "43"]
[EventDate "2018.07.07"]
[EventType "swiss"]
[EventRounds "9"]
[EventCountry "WLS"]
[SourceTitle "EXT 2019"]
[Source "ChessBase"]
[SourceDate "2018.10.10"]
[SourceVersion "1"]
[SourceVersionDate "2018.10.10"]
[SourceQuality "1"]

1. d4 d5 2. e4 dxe4 3. Nc3 c6 4. Bc4 Nf6 5. Bg5 Nbd7 6. f3 e3 7. Bxe3 e6 8. f4 Nb6 9. Bd3 Nbd5 10. Qe2 Bb4 11. Bd2 Qa5 12. Nf3 Nxf4 13. Bxf4 Bxc3+ 14. bxc3 Qxc3+ 15. Kf2 Ng4+ 16. Kg3 h5 17. h4 f6 18. Qe4 f5 19. Qe1 Qa3 20. Bxf5 Kf7 21. Bd3 Bd7 22. Qe4 1-0

[Event "Groningen Combinatie op"]
[Site "Groningen"]
[Date "2018.05.12"]
[Round "5"]
[White "Pel, Bonno"]
[Black "Konnen, Timo"]
[Result "1-0"]
[WhiteElo "2248"]
[BlackElo "1888"]
[PlyCount "61"]
[EventDate "2018.05.10"]
[EventType "swiss"]
[EventRounds "7"]
[EventCountry "NED"]
[SourceTitle "EXT 2019"]
[Source "ChessBase"]
[SourceDate "2018.10.10"]
[SourceVersion "1"]
[SourceVersionDate "2018.10.10"]
[SourceQuality "1"]

1. g3 e5 2. Bg2 d5 3. d3 Nf6 4. Nf3 Bd6 5. 0-0 Bf5 6. c4 c6 7. cxd5 cxd5 8. Nc3 Nbd7 9. e4 Be6 10. exd5 Nxd5 11. Ng5 Nxc3 12. bxc3 Rb8 13. Nxe6 fxe6 14. Qh5+ g6 15. Qg4 Qe7 16. Bh6 Nf6 17. Qa4+ Qd7 18. Qxa7 Ng4 19. Bg5 0-0 20. Bh3 h5 21. Qb6 Rbc8 22. d4 Rxc3 23. Rad1 Qc7 24. Qb1 Kg7 25. Bxg4 hxg4 26. Qe4 Rf5 27. Qxg4 Qc8 28. dxe5 Bxe5 29. Rd8 Rxg5 30. Qxg5 Qc7 31. Rd7+ 1-0

[Event "Groningen Combinatie op"]
[Site "Groningen"]
[Date "2018.05.10"]
[Round "1"]
[White "Konnen, Timo"]
[Black "De Groot, Hendrik"]
[Result "0-1"]
[WhiteElo "1888"]
[BlackElo "2140"]
[PlyCount "60"]
[EventDate "2018.05.10"]
[EventType "swiss"]
[EventRounds "7"]
[EventCountry "NED"]
[SourceTitle "CBM 184 Extra"]
[Source "ChessBase"]
[SourceDate "2018.06.28"]
[SourceVersion "1"]
[SourceVersionDate "2018.06.28"]
[SourceQuality "1"]

1. d4 d6 2. e4 Nf6 3. Nc3 g6 4. Be3 a6 5. Qd2 b5 6. f3 Bg7 7. Bh6 0-0 8. h4 e5 9. d5 c5 10. g4 Nbd7 11. h5 Qe7 12. Bxg7 Kxg7 13. hxg6 fxg6 14. Nh3 Ra7 15. 0-0-0 c4 16. Ne2 Nc5 17. Ng3 Qc7 18. Ng5 Na4 19. Nxh7 Nxh7 20. Qh6+ Kg8 21. Qxg6+ Qg7 22. Qxd6 Rxf3 23. Nh5 Qe7 24. Qg6+ Kh8 25. Kb1 c3 26. Be2 Qb4 27. Qe8+ Rf8 28. Qxe5+ Kg8 29. Nf6+ Rxf6 30. Qe8+ Rf8 0-1

[Event "Groningen Combinatie op"]
[Site "Groningen"]
[Date "2017.05.27"]
[Round "4"]
[White "Hilwerda, Jonas"]
[Black "Konnen, Timo"]
[Result "1-0"]
[WhiteElo "2068"]
[BlackElo "1879"]
[PlyCount "104"]
[EventDate "2017.05.25"]
[EventType "swiss"]
[EventRounds "7"]
[EventCountry "NED"]
[SourceTitle "CBM 178 Extra"]
[Source "ChessBase"]
[SourceDate "2017.06.22"]
[SourceVersion "1"]
[SourceVersionDate "2017.06.22"]
[SourceQuality "1"]

1. e4 e5 2. Nf3 d5 3. exd5 Bd6 4. d4 e4 5. Nfd2 f5 6. c4 Nf6 7. Nc3 0-0 8. Be2 a6 9. c5 Be7 10. Qb3 Kh8 11. 0-0 Re8 12. Ndb1 Nbd7 13. f3 b6 14. c6 Nf8 15. Nd2 exf3 16. Nxf3 Bd6 17. Bd3 g6 18. Bg5 Kg7 19. Rae1 Rxe1 20. Rxe1 h6 21. Bxf6+ Qxf6 22. Ne5 Qh4 23. Nf3 Qf6 24. Qc2 Nh7 25. Qe2 Ng5 26. Ne5 Nf7 27. Nb1 f4 28. Nd2 Bf5 29. Bxf5 Qxf5 30. Nxf7 Qxf7 31. Qe6 Bb4 32. Qe5+ Kh7 33. Re2 Bxd2 34. Rxd2 Re8 35. d6 cxd6 36. Qxd6 Re6 37. Qd7 Qxd7 38. cxd7 Rd6 39. Kf2 Rxd7 40. Kf3 g5 41. Ke4 Kg6 42. Ke5 Re7+ 43. Kd6 Kf6 44. d5 g4 45. Kc6 f3 46. gxf3 gxf3 47. Rd3 Ke5 48. Rxf3 Rg7 49. Rd3 Ke4 50. Rd1 Rg6+ 51. d6 Ke5 52. Kc7 Ke4 1-0

[Event "Groningen Combinatie op"]
[Site "Groningen"]
[Date "2017.05.26"]
[Round "2"]
[White "Elgersma, Simon"]
[Black "Konnen, Timo"]
[Result "0-1"]
[WhiteElo "2201"]
[BlackElo "1879"]
[PlyCount "68"]
[EventDate "2017.05.25"]
[EventType "swiss"]
[EventRounds "7"]
[EventCountry "NED"]
[SourceTitle "CBM 178 Extra"]
[Source "ChessBase"]
[SourceDate "2017.06.22"]
[SourceVersion "1"]
[SourceVersionDate "2017.06.22"]
[SourceQuality "1"]

1. e4 e5 2. Nf3 d5 3. Nxe5 Bd6 4. d4 dxe4 5. Nc4 Nf6 6. Nxd6+ Qxd6 7. c4 c5 8. d5 b5 9. Nc3 a6 10. cxb5 0-0 11. Bg5 Nbd7 12. bxa6 Bxa6 13. Bxa6 Rxa6 14. 0-0 Re8 15. Qd2 Qe5 16. Bf4 Qf5 17. h3 Nh5 18. Bh2 Ne5 19. Qe3 Nd3 20. g4 Qg6 21. Kh1 Nf6 22. f4 exf3 23. Qxf3 Rd8 24. g5 Nd7 25. Qe2 Raa8 26. Rad1 Nb4 27. Qe7 Nb6 28. Rfe1 Qf5 29. Rf1 Qg6 30. Bc7 N6xd5 31. Qxd8+ Rxd8 32. Bxd8 Ne3 33. Rfe1 Qc6+ 34. Nd5 Nbxd5 0-1

[Event "Groningen Combinatie op"]
[Site "Groningen"]
[Date "2016.05.07"]
[Round "4"]
[White "Hoeksema, Hendrik Pieter"]
[Black "Konnen, Timo"]
[Result "1/2-1/2"]
[WhiteElo "2333"]
[BlackElo "1907"]
[PlyCount "79"]
[EventDate "2016.05.05"]
[EventType "swiss"]
[EventRounds "7"]
[EventCountry "NED"]
[SourceTitle "CBM 172 Extra"]
[Source "ChessBase"]
[SourceDate "2016.06.21"]
[SourceVersion "1"]
[SourceVersionDate "2016.06.21"]
[SourceQuality "1"]

1. Nf3 Nf6 2. c4 c5 3. Nc3 Nc6 4. d4 cxd4 5. Nxd4 d5 6. cxd5 Nxd5 7. Nxc6 bxc6 8. Bd2 Rb8 9. e4 Nf6 10. Qc2 e5 11. Bc4 Bc5 12. 0-0 0-0 13. Bg5 Qe7 14. Ne2 Bb6 15. Rad1 Be6 16. Ng3 Bd4 17. b3 h6 18. Bxf6 Qxf6 19. Bxe6 Qxe6 20. Nf5 c5 21. Rd3 Kh7 22. Ne3 Rfd8 23. Nc4 Rd7 24. Kh1 Rbd8 25. Rg3 Qf6 26. f4 Qe7 27. f5 Qf6 28. Qe2 Rc8 29. Rg4 Rc6 30. Rf3 Rd8 31. Rfg3 Rg8 32. Nd2 Qd8 33. Nf3 Rf6 34. Rh3 Qb6 35. Rgh4 c4 36. Qxc4 Rc6 37. Ng5+ Kh8 38. Nxf7+ Kh7 39. Ng5+ Kh8 40. Nf7+ 1/2-1/2

[Event "Groningen Combinatie op"]
[Site "Groningen"]
[Date "2016.05.06"]
[Round "2"]
[White "Van Foreest, Machteld"]
[Black "Konnen, Timo"]
[Result "1-0"]
[WhiteElo "1828"]
[BlackElo "1907"]
[PlyCount "49"]
[EventDate "2016.05.05"]
[EventType "swiss"]
[EventRounds "7"]
[EventCountry "NED"]
[SourceTitle "CBM 172 Extra"]
[Source "ChessBase"]
[SourceDate "2016.06.21"]
[SourceVersion "1"]
[SourceVersionDate "2016.06.21"]
[SourceQuality "1"]

1. e4 e5 2. Nf3 d5 3. exd5 Bd6 4. d4 e4 5. Ne5 Nf6 6. Bb5+ Nbd7 7. Nxd7 Nxd7 8. c4 0-0 9. Nc3 f5 10. c5 Be7 11. Qb3 Kh8 12. 0-0 Nf6 13. Bf4 b6 14. Bc6 Ba6 15. Rfc1 Rb8 16. Qa3 Qc8 17. d6 Bd8 18. d7 Nxd7 19. Bxd7 Qxd7 20. Qxa6 Qxd4 21. Qxa7 Bh4 22. Be3 Qe5 23. Rd1 Ra8 24. Qb7 f4 25. Bd4 1-0

[Event "Groningen Combinatie op"]
[Site "Groningen"]
[Date "2016.05.05"]
[Round "1"]
[White "Konnen, Timo"]
[Black "Kosse, Lukas"]
[Result "1-0"]
[WhiteElo "1907"]
[BlackElo "1532"]
[PlyCount "33"]
[EventDate "2016.05.05"]
[EventType "swiss"]
[EventRounds "7"]
[EventCountry "NED"]
[SourceTitle "CBM 172 Extra"]
[Source "ChessBase"]
[SourceDate "2016.06.21"]
[SourceVersion "1"]
[SourceVersionDate "2016.06.21"]
[SourceQuality "1"]

1. d4 d5 2. e4 dxe4 3. Nc3 e6 4. Nxe4 Nf6 5. Nxf6+ Qxf6 6. Nf3 Nc6 7. Bg5 Qf5 8. Bd3 Qd5 9. Qd2 Be7 10. Bxe7 Kxe7 11. 0-0 Nxd4 12. Nxd4 Qxd4 13. Qg5+ Qf6 14. Qc5+ Kd8 15. Bb5 c6 16. Bxc6 bxc6 17. Qxc6 1-0